Necesidades educativas básicas de los adultos : encuentro de especialistas.

Furkejuvvon:
Bibliográfalaš dieđut
Searvvušdahkki: Instituto Nacional para la Educación de los Adultos (México)
Materiálatiipa: Girji
Giella:espánnjágiella
Fáttát:
Fáddágilkorat: Lasit fáddágilkoriid
Eai fáddágilkorat, Lasit vuosttaš fáddágilkora!

MARC

LEADER 00000cam^a2200000uu^4500
001 000488703
005 20250521000000.0
008 032010s1995^^^^^^^^^^^^rd^r^^000^0^spa^d
009 20260310125314.081
022 |a 9682983843 
035 |a FCE 000031886 
035 |a FCE 018731 
037 |a Acervo ITESO - Biblioteca 
041 |a spa 
082 0 4 |a 374  |b INEAn 
110 |a Instituto Nacional para la Educación de los Adultos (México) 
245 1 0 |a Necesidades educativas básicas de los adultos :  |b encuentro de especialistas. 
264 |a México :  |b INEA,  |c 1995. 
300 |a 371 p. 
336 |a texto  |b txt  |2 rdacontenido 
337 |a sin mediación  |b n  |2 rdamedio 
338 |a volumen  |b nc  |2 rdasoporte 
649 |a XX 
650 |a Programa de educación 
650 |a Relación educación-trabajo 
650 |a Alfabetización 
650 |a Educación de adultos 
650 |a Educación básica 
650 |a Educación para la salud 
650 |a Necesidades educativas 
650 |a Educación indígena 
650 |a Educación ambiental 
650 |a Educación y política 
650 |a Medio rural 
650 |a Modelos educativos 
910 |a Fondo Centro de Estudios Educativos 
920 |a Impresos - Libros 
930 |a Fondos Especiales 
905 |a 133 
901 |a ALE018731  |b IT2  |c CEE  |u 20250521 
901 |a ALE040934  |b IT2  |c CEE  |u 20250521 
901 |a ALE040935  |b IT2  |c CEE  |u 20250521 
902 |a https://opac.biblio.iteso.mx/vufind/Record/000488703